Oscars for Best Animated Film 2001-2025 - Statistics

General Stats
  • This quiz has been taken 316 times
    51 since last reset
  • The average score is 22 of 25
Answer Stats
Question Answer % Correct
2003 Finding Nemo
100%
2007 Ratatouille
100%
2008 WALL-E
98%
2013 Frozen
93%
2025 KPop Demon Hunters
93%
2011 Rango
93%
2015 Inside Out
91%
2002 Spirited Away
91%
2009 Up
91%
2010 Toy Story 3
89%
2017 Coco
87%
2020 Soul
87%
2018 Spider-Man: Into the Spider-Verse
87%
2012 Brave
84%
2021 Encanto
84%
2024 Flow
84%
2022 Pinocchio
84%
2023 The Boy and the Heron
84%
2004 The Incredibles
84%
2014 Big Hero 6
82%
2001 Shrek
78%
2005 Wallace & Gromit: The Curse of the Were-Rabbit
78%
2006 Happy Feet
76%
2019 Toy Story 4
76%
2016 Zootopia
76%
No matching quizzes found
Score Distribution
Percent of People with Each Score
Percentile by Number Answered
Your Score History
You have not taken this quiz since the last reset